000
00167nam a2200073Ia 4500
008
170817s9999 xx 000 0 und d
100
_a
RAO V.K.
245
0
_a
HIGHER EDUCATION
260
_b
A. P. H. PUB.
999
_c
37682
_d
37682